000 00457nam a2200193Ia 4500
003 OSt
005 20221005120654.0
006 a|||||r|||| 00| 0
007 ta
008 221004b |||||||| |||| 00| 0 eng d
024 _a113299
037 _cTextual
040 _aCRL
_cCRL
_beng
041 _2eng
_aeng
100 _aRobertson DH
_9629511
245 0 _aEssay in Monetary Theory
942 _cTEXL
_2cc
999 _c1038760
_d1038760